| 000 | 00453nam a22001817a 4500 | ||
|---|---|---|---|
| 003 | CEME | ||
| 005 | 20210628202220.0 | ||
| 008 | 210317b xxu||||| |||| 00| 0 eng d | ||
| 020 | _a3-540-53756-2 | ||
| 040 | _c. | ||
| 082 | _a621.366 KOE'S | ||
| 100 |
_aKoechner, Walter _958803 |
||
| 245 | _aSolid state laser engineering | ||
| 260 |
_aNEWYORK _bSPRINGER VERLAG _c1992 |
||
| 300 | _a634P | ||
| 650 |
_aLASER ENGINEERING _958804 |
||
| 942 |
_cBK _2ddc |
||
| 999 |
_c568914 _d568914 |
||